Derecho Sucesorio
Saved in:
| Hovedforfatter: | |
|---|---|
| Format: | Bog |
| Sprog: | spansk |
| Udgivet: |
Santiago
Thomson Reuter Puntolex
2011
|
| Serier: | Tratado de Jurisprudencia y Doctrina
|
| Fag: | |
| Tags: |
Tilføj Tag
Ingen Tags, Vær først til at tagge denne postø!
|
MARC
| LEADER | 00000cam a2200000 a 4500 | ||
|---|---|---|---|
| 001 | UCG8147 | ||
| 003 | CL-VaPUC | ||
| 008 | 111124e20110700CL |||||||||||||||||spa|d | ||
| 020 | |a 9789563370805o.c | ||
| 020 | |a 9789563371000t.1 | ||
| 020 | |a 9789563371017t.2 | ||
| 082 | 0 | 4 | |a 346.052 |b ABE |2 21 |
| 100 | 0 | |a Abeliuk Manasevich, René |e author |9 557367 | |
| 245 | 1 | 0 | |a Derecho Sucesorio |
| 300 | |a t | ||
| 942 | |c BK | ||
| 945 | |d 20111124 00:00:00 |a dcastane | ||
| 260 | |a Santiago |b Thomson Reuter Puntolex |c 2011 | ||
| 500 | |a Revista Fallos del Mes | ||
| 650 | 0 | |a Derecho sucesorio |9 255015 | |
| 650 | 0 | |a Derecho de familia |9 255603 | |
| 650 | 0 | |a Derecho civil |9 255013 | |
| 650 | 0 | |a Matrimonio civil |9 385406 | |
| 650 | 0 | |a Posesión efectiva |9 486223 | |
| 650 | 7 | |a IMPUESTO DE HERENCIA |2 CL-VaPUC |9 497664 | |
| 583 | |a last modification |c 20111124 10:34:00 |k Rodrigo Vera | ||
| 490 | 0 | |a Tratado de Jurisprudencia y Doctrina | |
| 999 | |c 345779 |d 345777 | ||
| 952 | |0 0 |1 0 |4 0 |6 346_052000000000000_ABE_2011 |7 0 |8 A |9 446037 |a BIBDER |b BIBDER |d 2019-11-22 |h t.1 |i 4804295 |l 3 |o 346.052 ABE 2011 |p 4804295 |r 2025-03-31 |s 2025-01-30 |w 2019-11-22 |y BK |k DER | ||
| 952 | |0 0 |1 0 |4 0 |6 346_052000000000000_ABE_2011 |7 0 |8 A |9 446038 |a BIBDER |b BIBDER |d 2019-11-22 |h t.2 |i 4804309 |l 1 |o 346.052 ABE 2011 |p 4804309 |r 2025-03-31 |s 2025-01-30 |w 2019-11-22 |y BK |k DER | ||